000 00798nam a2200229Ia 4500
001 8849
003 GE_BSU
008 181216s||||||||xx |||||||||||||| ||und||
040 _cGE_BSU
080 _a821.353.1-7
100 _aკანდელაკი,ნანა
245 _aმხიარულ ტალღაზე
245 _bსატირა,იუმორი,ფელეტონი
245 _cრედ.ს.დემურხანაშვილი.მხატვ. ზ.ფორჩხიძე
260 _aთბილისი
260 _bმერანი
260 _c1968
300 _a319გვ.16სმ.
653 _aმხიარულ ტალღაზე
653 _aსატირა,იუმორი,ფელეტონი
942 _cBK
999 _c42156
_d42156